| 000 | 00648nam a2200217 a 4500 | ||
|---|---|---|---|
| 005 | 20250225063837.0 | ||
| 008 | 010702s2000 mx r 000 0 spa d | ||
| 020 | _a9507012044 | ||
| 035 | _aUPN01000109070 | ||
| 049 | _aCG | ||
| 050 | 4 |
_aLB1139 W7 _bS5.2 2000 |
|
| 100 | 1 | _aSmith, Frank | |
| 245 | 1 | 0 |
_aDe comó la educación apostó al caballo equivocado / _cFrank Smith ; tr. Isabel Stratta |
| 250 | _a2a ed. | ||
| 260 |
_aBuenos Aires : _bAique, _c2000 |
||
| 300 | _a171 p. | ||
| 534 |
_pTraducción de: _tJoining the literacy club |
||
| 650 | 4 |
_aEscritura _xEstudio y enseñanza _96154 |
|
| 650 | 4 |
_aLectoescritura _92985 |
|
| 905 | _aLibro | ||
| 999 |
_c82981 _d82981 |
||